[Event "Challenge"]
[Site "http://www.queenalice.com/game.php?id=1222727"]
[Date "2013.10.7"]
[Round "-"]
[White "backnine"]
[Black "Saintsalles"]
[Result "1-0"]
[WhiteElo "1793"]
[BlackElo "1599"]

1. e4 e5 2. d3 Bb4+ 3. c3 Ba5 4. Nf3 Nc6 5. g3 h6 6. Bg2 Bb6 7. O-O d6 8. a4 a5
9. Qc2 Bg4 10. Nh4 g5 11. Nf5 Bxf5 12. exf5 Nf6 13. Be3 Bxe3 14. fxe3 d5 15. e4
d4 16. Na3 Ng4 17. Nc4 Rb8 18. Rad1 Ne7 19. h3 Ne3 20. Nxe3 dxe3 21. Qe2 c6 22.
Qxe3 f6 23. Qc5 b6 24. Qc4 Kf8 25. d4 Qc7 26. Qe6 Kg7 27. dxe5 Rbf8 28. Rd7 Qxd7
29. Qxd7 Rf7 30. exf6+ Kxf6 31. e5+ Kg7 32. f6+ Kh7 33. fxe7 Kg7 34. Rxf7+ Kxf7
35. Bxc6 1-0

[Event "Challenge"]
[Site "http://www.queenalice.com/game.php?id=1222728"]
[Date "2013.10.7"]
[Round "-"]
[White "Saintsalles"]
[Black "Ricardoabreu"]
[Result "1-0"]
[WhiteElo "1603"]
[BlackElo "1576"]

1. e4 d5 2. e5 d4 3. d3 Qd5 4. Qe2 g6 5. c3 dxc3 6. Nxc3 Qd4 7. Nf3 Qd7 8. Bf4
e6 9. g3 Bg7 10. d4 b6 11. Bg2 Bb7 12. O-O h6 13. Be3 Ne7 14. a3 Nd5 15. Nxd5
Bxd5 16. a4 Nc6 17. Rab1 Nb4 18. Ne1 Bxg2 19. Nxg2 Nc6 20. Rbd1 O-O 21. Qc4 Na5
22. Qb4 Qd5 23. Nf4 Qc6 24. Rc1 Qb7 25. Qc3 Rac8 26. b4 c5 27. bxa5 cxd4 28.
Qxd4 Rfd8 29. Qb4 Rxc1 30. Rxc1 Bxe5 31. Ne2 Bd6 32. Qb3 Rc8 33. Rxc8+ Qxc8 34.
axb6 axb6 35. Qxb6 Bf8 36. a5 Qc2 37. Nd4 Bc5 38. Qd8+ Kg7 39. Nxc2 Bxe3 40.
Nxe3 1-0

[Event "Challenge"]
[Site "http://www.queenalice.com/game.php?id=1222729"]
[Date "2013.10.7"]
[Round "-"]
[White "Ricardoabreu"]
[Black "Saintsalles"]
[Result "0-1"]
[WhiteElo "1592"]
[BlackElo "1587"]

1. e4 e5 2. Qh5 Qf6 3. d3 g6 4. Qe2 Bb4+ 5. c3 Ba5 6. Nf3 h6 7. Na3 c5 8. Nc4
Bc7 9. Be3 d6 10. g3 Bg4 11. Bg2 b5 12. Ncd2 Ne7 13. h3 Bxf3 14. Bxf3 Nbc6 15.
h4 O-O 16. g4 Kg7 17. g5 Qe6 18. Bg4 f5 19. gxh6+ Kh7 20. Bf3 f4 21. Bg4 Qf6 22.
Bxc5 dxc5 23. h5 g5 24. Nf3 Qxh6 25. O-O-O a5 26. Kb1 b4 27. c4 a4 28. Rc1 Na5
29. Nd2 b3 30. axb3 axb3 31. f3 Rab8 32. Qd1 Qb6 33. h6 Rf6 34. Bf5+ Nxf5 35.
exf5 Qa6 36. Ne4 Nc6 37. Nxf6+ Kh8 38. Ne4 Qa2# 0-1

[Event "Challenge"]
[Site "http://www.queenalice.com/game.php?id=1222731"]
[Date "2013.10.7"]
[Round "-"]
[White "paolop69"]
[Black "Saintsalles"]
[Result "0-1"]
[WhiteElo "1649"]
[BlackElo "1586"]

1. e4 e5 2. Qh5 Qf6 3. Qf5 Qe7 4. d3 Nc6 5. c3 d5 6. Qg5 f6 7. Qh5+ g6 8. Qd1 h5
9. Be2 h4 10. h3 d4 11. Bd2 Be6 12. a3 Qf7 13. Bc1 Bb3 14. Qd2 Na5 15. Bd1 Bxd1
16. Qxd1 Nb3 17. Nd2 Nxa1 18. Qa4+ c6 19. Qc4 Qxc4 20. Nxc4 b5 21. Na5 Kd7 22.
Nf3 Bc5 23. O-O Bb6 24. b4 Bxa5 25. bxa5 dxc3 26. Be3 Nb3 27. a6 c2 28. d4 Rd8
29. dxe5 Re8 30. Nd4 Nxd4 31. Bxd4 fxe5 32. Be3 Nf6 33. f3 Rc8 34. Rc1 Kc7 35.
Rxc2 Ra8 36. Bg5 Nd7 37. f4 c5 38. fxe5 Kb6 39. e6 Nb8 40. Be3 Nxa6 41. e7 Rhe8
42. Rd2 Kc6 43. Bf4 Rxe7 44. Rd6+ Kb7 45. e5 Rf8 46. g3 hxg3 47. Bxg3 g5 48. Rf6
Rxf6 49. exf6 Rf7 50. Be5 b4 51. axb4 cxb4 52. Kf2 Nc5 53. Ke2 Nd7 54. Bd6 b3
55. Kd2 Rxf6 56. Be7 Rf2+ 57. Kc1 Rh2 58. Bxg5 Rxh3 59. Bf4 a5 60. Kb2 Nc5 61.
Bd6 Kc6 62. Bxc5 Kxc5 63. Ka3 Kb5 64. Kb2 Kb4 65. Kb1 Kc3 66. Ka1 Rh1# 0-1

[Event "Challenge"]
[Site "http://www.queenalice.com/game.php?id=1227931"]
[Date "2013.10.28"]
[Round "-"]
[White "Saintsalles"]
[Black "ivdsantacruz"]
[Result "0-1"]
[WhiteElo "1594"]
[BlackElo "1880"]

1. e4 e5 2. Nf3 Nc6 3. Bb5 d6 4. Bxc6+ bxc6 5. d4 Ba6 6. b3 Nf6 7. Bg5 Be7 8. c4
Nxe4 9. Be3 Nf6 10. O-O O-O 11. Nc3 Ng4 12. Bd2 exd4 13. Nxd4 Ne5 14. f4 Ng6 15.
Nf5 d5 16. Re1 Bc5+ 17. Kh1 dxc4 18. bxc4 Bxc4 19. Ne4 Bb6 20. Qa4 Bd5 21. Nc3
Bxg2+ 22. Kxg2 Qxd2+ 23. Re2 Nxf4+ 24. Kf1 Nxe2 25. Nxe2 Qg5 26. Neg3 g6 27. h4
Qf6 28. Qf4 Qxa1+ 29. Kg2 Qxa2+ 30. Kh3 Rfe8 31. Nh6+ Kg7 32. Qg5 Qb3 33. Nf5+
Kg8 34. Nh6+ Kf8 35. Qf6 Qe6+ 36. Qxe6 Rxe6 37. Kg4 Be3 38. Nxf7 Kxf7 39. h5 Rd8
40. hxg6+ Kxg6 41. Nf5 h5+ 0-1

[Event "mesa 5"]
[Site "http://www.queenalice.com/game.php?id=1235615"]
[Date "2013.11.27"]
[Round "-"]
[White "Herbert_Paulo"]
[Black "Saintsalles"]
[Result "1/2-1/2"]
[WhiteElo "1970"]
[BlackElo "1625"]

1. e4 e5 2. Nf3 d6 3. Bc4 h6 4. Nc3 Bg4 5. Nxe5 dxe5 6. Qxg4 Nf6 7. Qf3 a6 8.
O-O b5 9. Be2 Bb4 10. d3 Bxc3 11. bxc3 Nc6 12. Ba3 a5 13. d4 b4 14. d5 Na7 15.
Bb2 bxc3 16. Bxc3 c6 17. Bxe5 cxd5 18. Bxf6 Qxf6 19. Qxf6 gxf6 20. exd5 O-O 21.
c4 Rac8 22. Rfd1 Rfe8 23. Bf3 Rxc4 24. d6 Rd8 25. h3 f5 26. Rab1 Nc6 27. Bd5 Rc5
28. Rb7 Ne5 29. f4 Nd7 30. Bf3 Kg7 31. Re1 Nf8 32. Ree7 Rxd6 33. Rxf7+ Kg8 34.
Bh5 Rc1+ 35. Kh2 Rd8 36. Rxf5 Nd7 37. Rd5 Kf8 38. Rbxd7 Rxd7 39. Rxd7 Rc2 40.
Rd6 Kg7 41. Rg6+ Kh7 42. f5 Rxa2 43. f6 Rf2 44. Rg7+ Kh8 45. Ra7 Rxf6 46. Rxa5
Rd6 47. Bg4 Kg7 48. Rb5 Kg6 49. Re5 Kf6 50. Rc5 Kg6 51. h4 Rd4 52. Kh3 Rd3+ 53.
g3 Rd6 54. Re5 Kf6 55. Rf5+ Kg6 56. h5+ Kg7 57. Re5 Kf6 58. Re8 Kf7 59. Rc8 Kf6
60. Rb8 Rd4 61. Rb6+ Kg5 1/2-1/2

[Event "Challenge"]
[Site "http://www.queenalice.com/game.php?id=1235630"]
[Date "2013.11.27"]
[Round "-"]
[White "Saintsalles"]
[Black "Ricardoabreu"]
[Result "1-0"]
[WhiteElo "1601"]
[BlackElo "1515"]

1. e4 e5 2. Nf3 Qe7 3. d3 d6 4. h3 g6 5. Bg5 f6 6. Be3 Bh6 7. Bxh6 Nxh6 8. Nc3
c6 9. Qd2 Nf7 10. d4 exd4 11. Qxd4 Bf5 12. O-O-O Be6 13. b3 c5 14. Qd2 a6 15.
Re1 Nd7 16. g4 Nde5 17. Nxe5 dxe5 18. Rd1 Rd8 19. Qe3 Rxd1+ 20. Nxd1 O-O 21. Be2
Rd8 22. Nb2 b5 23. c4 bxc4 24. Nxc4 Kg7 25. f4 exf4 26. Qxf4 Ne5 27. Nxe5 fxe5
28. Qxe5+ Kg8 29. Rf1 a5 30. Rf6 Rd4 31. Rxe6 Qd8 32. Re8+ Qxe8 33. Qxe8+ Kg7
34. Qe7+ Kh6 35. g5# 1-0

[Event "Challenge"]
[Site "http://www.queenalice.com/game.php?id=1239009"]
[Date "2013.12.10"]
[Round "-"]
[White "Saintsalles"]
[Black "Scaracioli"]
[Result "0-1"]
[WhiteElo "1664"]
[BlackElo "1714"]

1. e4 e5 2. Nf3 d6 3. Bc4 Bg4 4. h3 Bd7 5. d3 a5 6. Ng5 Nh6 7. Nf3 b5 8. Bb3 a4
9. Bxf7+ Nxf7 10. b3 h6 11. O-O Be7 12. Nc3 c5 13. Nd5 Bf8 14. Be3 Be6 15. c4
bxc4 16. bxc4 Bxd5 17. exd5 Be7 18. Nh4 Bxh4 19. g3 Bg5 20. Bxg5 hxg5 21. Qg4
Nd7 22. Qe6+ Kf8 23. Qf5 Qe7 24. a3 Ke8 25. Rae1 Kd8 26. Kg2 Nh6 27. Qe4 Nf6 28.
Qe2 g4 29. h4 Nf5 30. Qb2 Qc7 31. f4 gxf3+ 32. Rxf3 Nd4 33. Rff1 Nb3 34. Qf2 Ke7
35. Qf5 Kd8 36. Qh3 Qe7 37. Kf2 Kc7 38. Ke2 Nd4+ 39. Kd1 Rhb8 40. Kd2 Rb2+ 41.
Ke3 Rab8 42. Rf2 Rxf2 43. Kxf2 Rf8 44. Kg2 Nh5 45. Qg4 Rf5 46. Qd1 Nb3 47. Qg4
Qf7 48. Qe2 Nd4 49. Qd1 Rf2+ 50. Kg1 Nxg3 51. Qg4 Nde2+ 0-1

[Event "Challenge"]
[Site "http://www.queenalice.com/game.php?id=1240771"]
[Date "2013.12.17"]
[Round "-"]
[White "Andresalles88"]
[Black "Saintsalles"]
[Result "1-0"]
[WhiteElo "1833"]
[BlackElo "1673"]

1. e4 e5 2. Bc4 Qf6 3. Nf3 h6 4. Nc3 c6 5. d3 a6 6. a4 Bb4 7. Bd2 Ne7 8. h3 d6
9. O-O O-O 10. Na2 Bc5 11. b4 Ba7 12. Be3 c5 13. bxc5 dxc5 14. Nc3 Nbc6 15. Rb1
Qg6 16. Kh2 Nf5 17. g4 Nxe3 18. fxe3 b6 19. Bd5 Bd7 20. Bxc6 Bxc6 21. Kh1 f6 22.
Nd5 Bxd5 23. exd5 e4 24. dxe4 Qxe4 25. Kg2 Qxe3 26. d6 Rad8 27. Qd5+ Rf7 28.
Rfe1 Qf4 29. Re7 Rd7 30. Qxf7+ 1-0

[Event "Challenge"]
[Site "http://www.queenalice.com/game.php?id=1240772"]
[Date "2013.12.17"]
[Round "-"]
[White "Saintsalles"]
[Black "Andresalles88"]
[Result "0-1"]
[WhiteElo "1673"]
[BlackElo "1809"]

1. e4 e5 2. Nf3 Nc6 3. Bb5 d6 4. Bxc6+ bxc6 5. Nc3 Nf6 6. d3 h6 7. h3 Be7 8. a3
O-O 9. Be3 Ba6 10. O-O c5 11. b4 cxb4 12. axb4 Bb7 13. b5 a6 14. bxa6 Rxa6 15.
Rxa6 Bxa6 16. Qd2 c5 17. Nh4 Nxe4 18. Nf5 Nxd2 19. Bxd2 Qd7 20. Nxe7+ Qxe7 21.
Nd5 Qa7 22. Ra1 Qb7 23. Ne3 Ra8 24. Nf5 Qd7 25. Ng3 Bb7 26. Rb1 Qc6 27. Nf5
Qxg2# 0-1

[Event "mesa 49"]
[Site "http://www.queenalice.com/game.php?id=1241527"]
[Date "2013.12.20"]
[Round "-"]
[White "Herbert_Cezar"]
[Black "Saintsalles"]
[Result "0-1"]
[WhiteElo "1875"]
[BlackElo "1639"]

1. e4 e5 2. Nf3 d6 3. Bc4 h6 4. O-O Bd7 5. Nc3 a6 6. d4 exd4 7. Nxd4 c5 8. Nf3
Be7 9. Nd5 b5 10. Be2 Nc6 11. Bf4 Bg4 12. b3 Bxf3 13. Bxf3 Nd4 14. c3 Nxf3+ 15.
Qxf3 Nf6 16. Nxe7 Qxe7 17. e5 dxe5 18. Bxe5 O-O 19. Bxf6 Qxf6 20. Qxf6 gxf6 21.
Rfe1 Kg7 22. Re7 f5 23. Rd1 c4 24. b4 Rfe8 25. Rxe8 Rxe8 26. Kf1 Re6 27. Rd2 Kg6
28. f4 h5 29. Kf2 h4 30. Kf3 Kh5 31. Rd5 Kg6 32. h3 f6 33. Rd8 Kg7 34. Rd7+ Kh6
35. Rd8 Kg7 36. Rc8 Rd6 37. Rc7+ Kg6 38. Rc8 Rd3+ 39. Kf2 Rxc3 40. Rg8+ Kh7 41.
Ra8 Ra3 42. Ra7+ Kg6 43. Ra8 Rxa2+ 44. Kf3 c3 45. Rc8 c2 46. Rc3 Rb2 47. g3 hxg3
48. Kxg3 Rxb4 49. Rxc2 Rc4 50. Ra2 Ra4 51. Rb2 Rc4 52. Ra2 Ra4 53. Rb2 b4 54. h4
Ra3+ 55. Kf2 a5 0-1

[Event "Challenge"]
[Site "http://www.queenalice.com/game.php?id=1241619"]
[Date "2013.12.21"]
[Round "-"]
[White "Ricardoabreu"]
[Black "Saintsalles"]
[Result "0-1"]
[WhiteElo "1482"]
[BlackElo "1614"]

1. e4 e5 2. d3 Bb4+ 3. c3 Bc5 4. Qg4 g6 5. b4 d5 6. Qf3 h5 7. bxc5 Bg4 8. Qe3
Nf6 9. f3 Be6 10. Bb2 c6 11. Ne2 O-O 12. exd5 Nxd5 13. Qxe5 Qe7 14. Nd4 Nd7 15.
Qe2 Rfe8 16. Ba3 Nxc3 17. Nxc3 Nxc5 18. O-O-O Qg5+ 19. Rd2 Bxa2 20. Nxa2 Rxe2
21. Bxe2 Rd8 22. Nc2 Nb3+ 23. Kb2 Nxd2 24. Be7 Qxe7 25. Re1 Qe3 0-1

[Event "mesa 5"]
[Site "http://www.queenalice.com/game.php?id=1247963"]
[Date "2014.1.14"]
[Round "-"]
[White "Saintsalles"]
[Black "Herbert_Paulo"]
[Result "0-1"]
[WhiteElo "1662"]
[BlackElo "1973"]

1. e4 e5 2. Nf3 Nc6 3. Bb5 d6 4. Bxc6+ bxc6 5. h3 Nf6 6. d3 Be7 7. Bg5 O-O 8.
Bh4 Rb8 9. b3 Nh5 10. Bxe7 Qxe7 11. Nc3 Nf4 12. Rg1 f5 13. Qd2 fxe4 14. dxe4 d5
15. exd5 Bf5 16. O-O-O cxd5 17. Rde1 Qa3+ 18. Kb1 d4 19. Na4 Qxa4 20. Ka1 Qc6
21. Rc1 Qc3+ 22. Qxc3 dxc3 23. Nxe5 Ne2 24. Rge1 Nxc1 25. Rxc1 Rbe8 26. Nf3 Re2
27. Nd4 Rxf2 28. g4 c5 29. Nxf5 Re8 30. Nd6 Ree2 31. Kb1 Rh2 32. Nb5 Rxh3 33.
Nxa7 Rg3 34. Nb5 Rxg4 35. a4 h5 36. Nd6 h4 37. Rh1 Rgg2 38. Rc1 h3 39. Nb5 h2
40. Nxc3 Rg1 41. Nxe2 Rxc1+ 42. Kxc1 h1=Q+ 43. Kb2 g5 44. Ng3 Qf3 0-1

[Event "mesa 49"]
[Site "http://www.queenalice.com/game.php?id=1249629"]
[Date "2014.1.19"]
[Round "-"]
[White "Saintsalles"]
[Black "Herbert_Cezar"]
[Result "0-1"]
[WhiteElo "1650"]
[BlackElo "1900"]

1. e4 e5 2. Nf3 Nf6 3. d3 Nc6 4. a3 d5 5. exd5 Nxd5 6. h3 Bf5 7. Bg5 Be7 8. Bxe7
Qxe7 9. Be2 Nf4 10. O-O Qf6 11. Re1 Bxh3 12. Bf1 Bg4 13. Be2 O-O 14. Nc3 Nxe2+
15. Qxe2 Nd4 16. Qd2 Bxf3 17. gxf3 Nxf3+ 18. Kg2 Nxd2 19. Re3 Qg6+ 20. Rg3 Qh6
21. Ne2 Rae8 22. Rh1 Qc6+ 23. Kg1 Qxc2 24. b4 Qd1+ 25. Kg2 Qxe2 26. Re3 Qg4+ 27.
Rg3 Qd7 28. Rh4 Nb3 29. Rgh3 h6 30. Re4 Qxh3+ 31. Kg1 Nd2 0-1

[Event "Challenge"]
[Site "http://www.queenalice.com/game.php?id=1252390"]
[Date "2014.1.30"]
[Round "-"]
[White "Saintsalles"]
[Black "blackwolf"]
[Result "1-0"]
[WhiteElo "1673"]
[BlackElo "1795"]

1. e4 e5 2. Nf3 Nf6 3. d3 Nc6 4. Bg5 Be7 5. Nc3 O-O 6. Bxf6 Bxf6 7. Nd5 d6 8. h3
Be6 9. Nxf6+ Qxf6 10. Qd2 Rad8 11. Ng5 d5 12. Nxe6 Qxe6 13. exd5 Qxd5 14. c4 Qe6
15. Be2 Rd7 16. O-O Rfd8 17. Rfe1 Qg6 18. Bf1 e4 19. Rxe4 Nd4 20. Rg4 Qb6 21. b3
Nc6 22. Re1 Nb4 23. Rg3 Kf8 24. a3 Na6 25. b4 Nb8 26. Qc2 Qh6 27. a4 Rd4 28.
Ree3 Qd6 29. Qc3 b6 30. Re4 c5 31. bxc5 Qxc5 32. Rxd4 Rxd4 33. Qc1 Qe7 34. Qc3
Nc6 35. Qc2 Qd8 36. Qd2 Ne5 37. Qb4+ Kg8 38. Qb5 g6 39. Qxe5 Rd6 40. Qc3 h5 41.
Re3 Kf8 42. Qh8# 1-0

[Event "Challenge"]
[Site "http://www.queenalice.com/game.php?id=1252391"]
[Date "2014.1.30"]
[Round "-"]
[White "blackwolf"]
[Black "Saintsalles"]
[Result "1-0"]
[WhiteElo "1774"]
[BlackElo "1694"]

1. d4 d5 2. Nc3 c6 3. Nf3 Bg4 4. g3 Bxf3 5. exf3 a6 6. Bg2 e6 7. O-O Bb4 8. Bd2
Nf6 9. a3 Ba5 10. b4 Bb6 11. Be3 O-O 12. Na4 Ba7 13. Nc5 Bxc5 14. dxc5 Nbd7 15.
Bf4 e5 16. Bg5 h6 17. Bc1 d4 18. Bb2 Qe7 19. Re1 Rfe8 20. Bxd4 Qf8 21. Bb2 b6
22. cxb6 Rab8 23. Qd3 Rxb6 24. Re2 Rd8 25. Qc4 c5 26. Bc3 Re8 27. Rae1 Rbe6 28.
Kf1 R8e7 29. bxc5 Rc6 30. Bb4 Qe8 31. f4 e4 32. Bxe4 Rce6 33. Bd3 Rxe2 34. Bxe2
Re6 35. Bf3 Rxe1+ 36. Bxe1 Qc8 37. Bb4 Nb8 38. c6 Qh3+ 39. Kg1 Qc8 40. Be7 Ne8
41. Bb4 Qc7 42. Bc3 Kh8 43. Be5 Nd6 44. Bxd6 Qxd6 45. c7 1-0

[Event "Challenge"]
[Site "http://www.queenalice.com/game.php?id=1252392"]
[Date "2014.1.30"]
[Round "-"]
[White "Saintsalles"]
[Black "zmanomega"]
[Result "1-0"]
[WhiteElo "1644"]
[BlackElo "1695"]

1. e4 e5 2. Bc4 Nf6 3. d3 Qe7 4. Bg5 Nc6 5. a3 h6 6. Bxf6 Qxf6 7. Nf3 d6 8. Nc3
Bg4 9. h3 Bxf3 10. gxf3 Nd4 11. Nd5 Qd8 12. c3 Ne6 13. Ne3 g6 14. Bxe6 fxe6 15.
Ng4 Bg7 16. Qd2 d5 17. O-O-O h5 18. Nh2 d4 19. f4 Bh6 20. Kb1 Bxf4 21. Qe2 dxc3
22. bxc3 c6 23. Nf3 Qb6+ 24. Kc2 O-O-O 25. Rb1 Qa5 26. Rb3 g5 27. Rhb1 g4 28.
Rxb7 Qxa3 29. Rb8+ Kd7 30. R8b3 Qa6 31. Kd1 Ke7 32. c4 gxh3 33. Qf1 h2 34. Qh1
Qa4 35. Ke2 c5 36. Nxh2 h4 37. Nf3 h3 38. Nh2 Qa2+ 39. R1b2 Qa6 40. Ng4 h2 41.
Rb1 Rdg8 42. f3 Qa5 43. Rb7+ Kd6 44. R7b2 Qc7 45. Rb7 Qa5 46. R7b2 Rf8 47. Kf2
Rhg8 48. Nxh2 Bg3+ 49. Ke2 Bxh2 50. Qxh2 Rf4 51. Ke3 Kc6 52. Ra2 Qc7 53. Ra6+
Kd7 54. Qh7+ Kd8 55. Qxg8+ Ke7 56. Qxe6+ Kf8 57. Rc6 1-0

[Event "Challenge"]
[Site "http://www.queenalice.com/game.php?id=1254006"]
[Date "2014.2.5"]
[Round "-"]
[White "Saintsalles"]
[Black "Scaracioli"]
[Result "1-0"]
[WhiteElo "1654"]
[BlackElo "1728"]

1. e4 e5 2. Nf3 d6 3. d3 Bg4 4. Be2 Nf6 5. h3 Be6 6. Ng5 h6 7. Nxe6 fxe6 8. Be3
d5 9. exd5 exd5 10. f3 d4 11. Bf2 c5 12. O-O Nc6 13. a3 Bd6 14. Nd2 Qc7 15. Bg3
g5 16. Re1 O-O-O 17. Nc4 b5 18. Nxd6+ Qxd6 19. Bf1 Rhe8 20. Qd2 Nd5 21. c3 Qf6
22. c4 bxc4 23. dxc4 Nb6 24. b3 Rd7 25. b4 cxb4 26. axb4 Nxc4 27. Bxc4 Ree7 28.
b5 Nb8 29. Ra5 Rc7 30. Qb4 h5 31. Rea1 h4 32. Bh2 Rb7 33. Bd5 Rbc7 34. b6 axb6
35. Rb5 Red7 36. Rxb6 Rb7 37. Bxb7+ Rxb7 38. Rxb7 Qc6 39. Rxb8+ Kd7 40. Ra7+ 1-0

[Event "Challenge"]
[Site "http://www.queenalice.com/game.php?id=1259435"]
[Date "2014.2.24"]
[Round "-"]
[White "Saintsalles"]
[Black "ivdsantacruz"]
[Result "0-1"]
[WhiteElo "1661"]
[BlackElo "1887"]

1. e4 e5 2. Bc4 Nf6 3. d3 Bc5 4. h3 d6 5. Bg5 Nc6 6. a3 h6 7. Bh4 g5 8. Bg3 Be6
9. Bxe6 fxe6 10. b4 Bb6 11. c3 a6 12. Nf3 Qe7 13. a4 O-O 14. Nbd2 Qf7 15. h4 g4
16. Nh2 h5 17. b5 axb5 18. axb5 Na5 19. Qa4 Nd7 20. Qd1 Bxf2+ 21. Bxf2 Qxf2# 0-1

[Event "Challenge"]
[Site "http://www.queenalice.com/game.php?id=1259479"]
[Date "2014.2.24"]
[Round "-"]
[White "Edmorf"]
[Black "Saintsalles"]
[Result "0-1"]
[WhiteElo "1644"]
[BlackElo "1658"]

1. e4 e5 2. Nf3 d6 3. d4 Bg4 4. Be2 exd4 5. Nxd4 Bxe2 6. Qxe2 c5 7. Nf3 Be7 8.
Nc3 h6 9. O-O Nf6 10. e5 dxe5 11. Nxe5 O-O 12. Bd2 Re8 13. Rad1 Bd6 14. Be3 Rxe5
15. Qf3 Qb6 16. b3 Nbd7 17. Bxh6 Ne8 18. Qg4 Ndf6 19. Rde1 Nxg4 20. h3 Rxe1 21.
Rxe1 Nxh6 22. Nd5 Qd8 23. c3 b5 0-1

[Event "Carmo X AP"]
[Site "http://www.queenalice.com/game.php?id=1265806"]
[Date "2014.3.17"]
[Round "-"]
[White "Saintsalles"]
[Black "MarcosT"]
[Result "0-1"]
[WhiteElo "1661"]
[BlackElo "1773"]

1. e4 Nf6 2. Nc3 d5 3. exd5 Nxd5 4. Nxd5 Qxd5 5. d3 e5 6. c4 Qd6 7. Nf3 Bg4 8.
Be2 h6 9. O-O Be7 10. Re1 Nc6 11. Nd2 Bxe2 12. Qxe2 O-O 13. Ne4 Nd4 14. Qd2 Qd8
15. Qc3 a5 16. Be3 Bb4 17. Qc1 Bxe1 18. Kf1 Bb4 19. Bxd4 Qxd4 20. Qc2 f5 21. Ng3
Bc5 22. Nh1 e4 23. dxe4 fxe4 24. Rd1 Qf6 25. Rd2 e3 26. Re2 Rf7 27. f3 Raf8 28.
Qe4 c6 29. a3 b5 30. Ng3 b4 31. a4 Re7 32. Qd3 Qd4 33. Qc2 Rd7 34. Ke1 Rb8 35.
Nf5 Qf6 36. Nxe3 Bxe3 37. Rxe3 Re7 38. Rxe7 Qxe7+ 39. Kf1 Re8 0-1

[Event "Challenge"]
[Site "http://www.queenalice.com/game.php?id=1267994"]
[Date "2014.3.25"]
[Round "-"]
[White "Scaracioli"]
[Black "Saintsalles"]
[Result "1-0"]
[WhiteElo "1690"]
[BlackElo "1649"]

1. e4 e5 2. Nf3 d6 3. h3 Nf6 4. d3 h6 5. Be2 Nc6 6. c3 d5 7. exd5 Nxd5 8. Bd2
Bc5 9. b4 Bb6 10. a3 Qe7 11. c4 e4 12. dxe4 Qf6 13. cxd5 Nd4 14. Rf1 Nxf3+ 15.
Bxf3 Qxa1 16. Be2 Qf6 17. Be3 Bxe3 18. fxe3 Qh4+ 19. Rf2 Qxe4 20. Rf3 Qh4+ 21.
Kf1 Bd7 22. Nc3 O-O 23. e4 Qe7 24. Bc4 1-0